European Countries With A Red State Of Democracy - Statistics

General Stats
  • This quiz has been taken 109 times
  • The average score is 7 of 8
Answer Stats
Rank Country Score % Correct
2 Russia 3.11
99%
1 Belarus 2.48
98%
5 Moldova 5.75
94%
7 Ukraine 5.90
93%
3 Bosnia and Herzegovina 4.86
91%
6 Albania 5.89
88%
4 Montenegro 5.65
85%
8 North Macedonia 5.97
85%
No matching quizzes found
Score Distribution
Percent of People with Each Score
Percentile by Number Answered
Your Score History
You have not taken this quiz